00242nam a2200085Ia 4500008004100000245002600041260006200067300001000129650001700139220216s9999 xx 000 0 und d 0aRubber Board of India bPlantation Co-ordination Committee (PCC) Newsletterc2016 a5-Apr aRubber Board